Flags of NATO Members in 1955 - Statistics

General Stats
  • This quiz has been taken 533 times
  • The average score is 14 of 15
Answer Stats
Picture Answer % Correct
United States
100%
France
98%
United Kingdom
98%
West Germany
98%
Belgium
97%
Italy
97%
Netherlands
97%
Norway
97%
Denmark
96%
Portugal
96%
Turkey
96%
Iceland
95%
Luxembourg
94%
Canada
87%
Greece
83%
No matching quizzes found
Score Distribution
Percent of People with Each Score
Percentile by Number Answered
Your Score History
You have not taken this quiz